| 000 | 00973nam0a22002651 4500 | ||
|---|---|---|---|
| 001 | rc\2590791 | ||
| 005 | 20250623123517.0 | ||
| 035 | _a(NLR Aleph) 006755101 | ||
| 090 |
_a5785230 _c5785230 |
||
| 100 | _a20110914d1929 |||y0rusy50 ca | ||
| 101 | 0 | _arus | |
| 102 | _aRU | ||
| 105 | _ay z |||a| | ||
| 200 | 1 |
_aЧетверо и Крак _eПриключения четырех комсомольцев _eПовесть в 2 частях _fЕ. Короблев |
|
| 205 | _a2-е изд. | ||
| 210 |
_aМосква _aЛенинград _cЗемля и фабрика _d1929 _eГомель _gтип. "Полеспечать" |
||
| 215 |
_a101, [2] с. _d19х14 см. |
||
| 300 | _aОбложка: А. Щербаков | ||
| 700 | 1 |
_7ca _8rus _aКораблев _bЕ. _cписатель _f1885-1952 _gЕвгений _9261756 _3RU\NLR\AUTH\770261812 |
|
| 801 | 0 |
_aRU _bNLR _gpsbo |
|
| 801 | 1 |
_aRU _bELAR _2rusmarc |
|
| 852 |
_aNLR _j76/431 |
||
| 942 | _cBOOK | ||
| 980 | _aNB | ||